000 01690cam a2200229 4500
001 ABS68783
008 050304n2005 000 0 eng u
035 _a(Sirsi) u128940
100 _aFranklin, K.
245 2 _aA three-stage test provides some answers in disabled access cases
260 _c2005
490 _aArchitects' Journal
_v221(5) 10 February 2005, 46(1)
520 _aReports on the case of "Roads v Central Trains Ltd" ([2004] EWCA Civ 1541, unreported) which has provided some guidance from the courts on the duty of service providers to take reasonable measures to provide disabled access to buildings under the Disability Discrimination Act 1995 (DDA). R had difficulty changing at Thetford station on a journey to Norwich as a footbridge that connects the two platforms was impossible for him to use. The original trial judge had found it was not reasonable for Central Trains to provide a taxi but the CA disagreed. In reaching their conclusion, a three stage test was conceived, with the last question being the most difficult to answer in this instance: is the provision that has been made reasonable? It was ruled that the policy behind the DDA is not a minimalist policy of providing the disabled with some access: it is to provide access as close as is reasonably possible to the public at large.
590 _aABS
650 _aDISABILITY DISCRIMINATION ACT 1995 S21
650 _aROSS V RYANAIR LTD AND ANOTHER
650 _aROADS V CENTRAL TRAINS LTD
650 _aSERVICE PROVIDERS
650 _aMANAGEMENT-BUSINESS MANAGEMENT-DISCRIMINATION-DISABILITY DISCRIMINATION-ACCESSIBILITY
690 _aTRANSPORT AND COMMUNICATIONS-CASE LAW
942 _n0
999 _c74876
_d74876